| 000 | 00586nam a22001937a 4500 | ||
|---|---|---|---|
| 999 |
_c7274 _d7274 |
||
| 003 | OSt | ||
| 005 | 20210922130947.0 | ||
| 008 | 210922b ||||| |||| 00| 0 eng d | ||
| 020 | _a0071387617 | ||
| 040 | _cDDC | ||
| 082 | _a599.93ZWE2001 | ||
| 100 |
_aZweiger,Gary; _914934 |
||
| 245 |
_aTransducing The Genome. _bInformation, Anarchy, and Revolution in The Biomedical Sciences. _cEdited by Zweiger,Gary; |
||
| 260 |
_aNew York. _bMcGraw-Hill _c2001 |
||
| 300 |
_axv,269p; _bill; _c25cm. |
||
| 504 | _aIncludes; references and index. | ||
| 650 |
_aBiology _95602 |
||
| 942 |
_2ddc _cO_SHELF |
||